Ensayos filosóficos
保存先:
| 第一著者: | |
|---|---|
| フォーマット: | 図書 |
| 言語: | スペイン語 |
| 出版事項: |
Bahía Blanca
Universidad Nacional del Sur
1963
|
| 主題: | |
| タグ: |
タグ追加
タグなし, このレコードへの初めてのタグを付けませんか!
|
MARC
| LEADER | 00000nam a2200000 a 4500 | ||
|---|---|---|---|
| 001 | UCZ4004 | ||
| 003 | CL-VaPUC | ||
| 005 | 20241127085253.0 | ||
| 008 | 951027e19630000AG |||||||||||||||||spa|d | ||
| 999 | |c 240443 |d 240441 | ||
| 040 | |c Pontificia Universidad Católica de Valparaíso | ||
| 082 | 0 | 4 | |a 102 |b AST |2 21 |
| 100 | 0 | |a Astrada, Carlos |e author |9 347870 | |
| 245 | 1 | 0 | |a Ensayos filosóficos |
| 260 | |a Bahía Blanca |b Universidad Nacional del Sur |c 1963 | ||
| 300 | |a 318 p | ||
| 583 | |a last modification |c 19951027 00:00:00 |k Rodrigo Vera | ||
| 600 | 0 | |a Descartes, René |e autor |9 265906 | |
| 600 | 0 | 7 | |a Husserl, Edmund |d 1859-1938 |9 575718 |
| 600 | 0 | 7 | |a VICO, GIAMBATTISTA |2 CL-VaPUC |9 266513 |
| 600 | 0 | |a Schelling, Friedrich Wilhelm Joseph |9 268686 | |
| 600 | 0 | |a Aristóteles, |d 384 a.C.- 322 a.C. |9 194 | |
| 600 | 0 | 7 | |a DILTHEY, WILHELM |2 CL-VaPUC |9 335712 |
| 600 | 0 | |a San Agustín de Hipona |x Teólogo y filósofo cristiano |9 311590 | |
| 600 | 0 | |a Hegel, Georg Wilhelm Friedrich |d 1770-1831 |9 860268 | |
| 600 | 0 | |a Jaspers, Karl |d 1883-1969 |9 858275 | |
| 650 | 0 | |a Filosofía |9 223554 | |
| 650 | 0 | |a Ensayos |9 268724 | |
| 650 | 7 | |a PANTEISMO |2 CL-VaPUC |9 338863 | |
| 650 | 0 | |a Metafísica |9 265649 | |
| 650 | 0 | |a Teoría del conocimiento |9 255038 | |
| 650 | 0 | |a Humanismo |9 256530 | |
| 650 | 0 | |a Filosofía contemporánea |9 265372 | |
| 852 | |a BIBCUR | ||
| 942 | |c BK |2 ddc | ||
| 945 | |d 19951027 00:00:00 |a lriquelm | ||
| 952 | |0 0 |1 0 |4 0 |6 102_000000000000000_AST_1963 |7 0 |8 P |9 252311 |a BIBEDU |b BIBEDU |c BIBEDU_PB |d 2019-11-18 |i 1593595 |o 102 AST 1963 |p 1593595 |r 2024-01-25 |w 2019-11-18 |y BK |k FIL | ||